[Event "Regionalliga NW 9900"]
[Site "Bayern"]
[Date "2000.??.??"]
[Round "5.6"]
[White "Herrmann, Karl Heinz"]
[Black "Schell, Walter"]
[Result "1-0"]
[WhiteElo "1895"]
[BlackElo "2045"]
[PlyCount "51"]
[EventDate "1999.??.??"]
[EventType "team-tourn"]
[EventRounds "9"]
[EventCountry "GER"]
[SourceTitle "EXT 2020"]
[Source "ChessBase"]
[SourceDate "2019.10.17"]
[SourceVersion "1"]
[SourceVersionDate "2019.10.17"]
[SourceQuality "1"]
[WhiteTeam "Sand"]
[BlackTeam "Sailauf"]
[WhiteTeamCountry "GER"]
[BlackTeamCountry "GER"]

1. e4 e5 2. Bc4 Nf6 3. Nc3 Nc6 4. d3 Bc5 5. Na4 Be7 6. Ne2 0-0 7. 0-0 Na5 8. Bb3 Nxb3 9. axb3 d5 10. exd5 Nxd5 11. Nac3 Be6 12. f4 Nxf4 13. Nxf4 exf4 14. Bxf4 c6 15. Qf3 Bd6 16. Ra4 Bxf4 17. Qxf4 h6 18. Ne4 Qb6+ 19. Kh1 Rad8 20. Rb4 Qa5 21. Rxb7 Qa2 22. Qe5 Bd5 23. Rb4 Rfe8 24. Nf6+ gxf6 25. Rg4+ Kh7 26. Qf5+ 1-0

[Event "Regionalliga NW 9900"]
[Site "Bayern"]
[Date "2000.??.??"]
[Round "7.5"]
[White "Stauch, Edgar"]
[Black "Herrmann, Karl Heinz"]
[Result "1-0"]
[WhiteElo "2070"]
[BlackElo "1895"]
[PlyCount "109"]
[EventDate "1999.??.??"]
[EventType "team-tourn"]
[EventRounds "9"]
[EventCountry "GER"]
[SourceTitle "EXT 2020"]
[Source "ChessBase"]
[SourceDate "2019.10.17"]
[SourceVersion "1"]
[SourceVersionDate "2019.10.17"]
[SourceQuality "1"]
[WhiteTeam "Kronach"]
[BlackTeam "Sand"]
[WhiteTeamCountry "GER"]
[BlackTeamCountry "GER"]

1. c4 e6 2. d4 d5 3. Nc3 Nf6 4. cxd5 exd5 5. Bg5 c6 6. e3 Bf5 7. g4 Bc8 8. h3 Be7 9. Bd3 h6 10. Bh4 Nbd7 11. Qc2 Nf8 12. Nge2 N6h7 13. Bg3 Bd6 14. 0-0-0 Bxg3 15. Nxg3 Bd7 16. Kb1 Qa5 17. e4 Nf6 18. e5 Ng8 19. f4 Ne6 20. Nge2 Nc7 21. f5 0-0-0 22. Nf4 Kb8 23. Rhe1 Qb4 24. Qf2 Re8 25. e6 fxe6 26. Ng6 Rh7 27. Ne5 g6 28. fxe6 Bxe6 29. Bxg6 Rf8 30. Qe3 Rg7 31. h4 Qe7 32. h5 Qh4 33. Rf1 Qe7 34. Rf4 Rxf4 35. Qxf4 a6 36. Rf1 Ka7 37. a3 Ne8 38. Na4 Nd6 39. Nc5 Nc4 40. Re1 Qd6 41. Nxe6 Qxe6 42. Qf8 Rc7 43. Bf5 Qd6 44. Qxg8 Nxa3+ 45. bxa3 Qxa3 46. Nd3 c5 47. dxc5 Rxc5 48. Nxc5 Qb4+ 49. Ka2 Qxc5 50. Qe6 Qc4+ 51. Kb2 Qb4+ 52. Kc2 d4 53. Rb1 Qc3+ 54. Kd1 Qf3+ 55. Qe2 1-0

[Event "Regionalliga NW 9900"]
[Site "Bayern"]
[Date "1999.??.??"]
[Round "3.5"]
[White "Dahlheimer, Bernd"]
[Black "Herrmann, Karl Heinz"]
[Result "1-0"]
[WhiteElo "2055"]
[BlackElo "1895"]
[PlyCount "79"]
[EventDate "1999.??.??"]
[EventType "team-tourn"]
[EventRounds "9"]
[EventCountry "GER"]
[SourceTitle "EXT 2020"]
[Source "ChessBase"]
[SourceDate "2019.10.17"]
[SourceVersion "1"]
[SourceVersionDate "2019.10.17"]
[SourceQuality "1"]
[WhiteTeam "Dettingen"]
[BlackTeam "Sand"]
[WhiteTeamCountry "GER"]
[BlackTeamCountry "GER"]

1. e4 e6 2. d4 d5 3. e5 c5 4. c3 Nc6 5. Nf3 Qb6 6. a3 cxd4 7. cxd4 Nge7 8. b4 Nf5 9. Be3 Bd7 10. Be2 Nce7 11. Nc3 Rc8 12. Qd3 a6 13. 0-0 Ng6 14. Nd2 Be7 15. Nb3 Nxe3 16. fxe3 Bxb4 17. axb4 Qxb4 18. Na2 Qb6 19. Rac1 0-0 20. Nc5 Bb5 21. Qb3 Nxe5 22. Bxb5 axb5 23. Rc3 Rc7 24. Rb1 Ra8 25. Na4 Rxc3 26. N2xc3 Qa5 27. Qxb5 Qc7 28. dxe5 Qxe5 29. Qb6 h5 30. Qd4 Qf5 31. Rxb7 Rc8 32. e4 Qf4 33. Qf2 Qc1+ 34. Qf1 Qe3+ 35. Kh1 f6 36. exd5 exd5 37. Nxd5 Qe4 38. Ne7+ Kf8 39. Nxc8 Qxb7 40. Nab6 1-0

[Event "Regionalliga NW 9899"]
[Site "Bayern"]
[Date "1999.??.??"]
[Round "8.8"]
[White "Herrmann, Karl Heinz"]
[Black "Poppe, Bjorn"]
[Result "1/2-1/2"]
[WhiteElo "1885"]
[BlackElo "1860"]
[PlyCount "30"]
[EventDate "1998.??.??"]
[EventType "team-tourn"]
[EventRounds "9"]
[EventCountry "GER"]
[SourceTitle "EXT 2020"]
[Source "ChessBase"]
[SourceDate "2019.10.17"]
[SourceVersion "1"]
[SourceVersionDate "2019.10.17"]
[SourceQuality "1"]
[WhiteTeam "Sand"]
[BlackTeam "Bad Neustadt"]
[WhiteTeamCountry "GER"]
[BlackTeamCountry "GER"]

1. e4 c6 2. d4 d5 3. exd5 cxd5 4. Bd3 Nf6 5. Ne2 e6 6. 0-0 Be7 7. Nd2 0-0 8. Nf3 b6 9. a4 Nc6 10. Ng3 Bb7 11. Ne5 Nxe5 12. dxe5 Nd7 13. Qh5 f5 14. exf6 Nxf6 15. Qe2 Bc8 1/2-1/2

[Event "Regionalliga NW 9899"]
[Site "Bayern"]
[Date "1999.??.??"]
[Round "7.7"]
[White "Herrmann, Karl Heinz"]
[Black "Seubert, Karl"]
[Result "1-0"]
[WhiteElo "1885"]
[BlackElo "1925"]
[PlyCount "93"]
[EventDate "1998.??.??"]
[EventType "team-tourn"]
[EventRounds "9"]
[EventCountry "GER"]
[SourceTitle "EXT 2020"]
[Source "ChessBase"]
[SourceDate "2019.10.17"]
[SourceVersion "1"]
[SourceVersionDate "2019.10.17"]
[SourceQuality "1"]
[WhiteTeam "Sand"]
[BlackTeam "Wuerzburg II"]
[WhiteTeamCountry "GER"]
[BlackTeamCountry "GER"]

1. e4 c5 2. Nc3 d6 3. f4 Nc6 4. Nf3 g6 5. Bb5 Bd7 6. d3 Bg7 7. Bxc6 Bxc6 8. 0-0 e6 9. Qe1 Ne7 10. f5 0-0 11. fxg6 fxg6 12. Qh4 Qd7 13. Bh6 Rae8 14. Ng5 Nc8 15. Bxg7 Qxg7 16. Rxf8+ Rxf8 17. Nxe6 Qf6 18. Qxf6 Rxf6 19. Nd8 Ne7 20. Rf1 Kg7 21. Rxf6 Kxf6 22. Nxc6 Nxc6 23. Nd5+ Ke5 24. Kf2 b5 25. Ke3 a5 26. c3 b4 27. Nb6 h6 28. Nc4+ Ke6 29. Kf4 a4 30. a3 Ne5 31. Nxe5 dxe5+ 32. Ke3 b3 33. d4 cxd4+ 34. cxd4 exd4+ 35. Kxd4 Kd6 36. e5+ Ke6 37. Ke4 Ke7 38. Kd5 Kd7 39. e6+ Ke7 40. Ke5 g5 41. g4 Ke8 42. Kf6 Kf8 43. e7+ Ke8 44. Ke6 h5 45. gxh5 g4 46. h6 g3 47. h7 1-0

[Event "Regionalliga NW 9900"]
[Site "Bayern"]
[Date "1999.??.??"]
[Round "1.4"]
[White "Herrmann, Karl Heinz"]
[Black "Zschunke, Werner"]
[Result "1-0"]
[WhiteElo "1895"]
[BlackElo "2030"]
[PlyCount "59"]
[EventDate "1999.??.??"]
[EventType "team-tourn"]
[EventRounds "9"]
[EventCountry "GER"]
[SourceTitle "EXT 2020"]
[Source "ChessBase"]
[SourceDate "2019.10.17"]
[SourceVersion "1"]
[SourceVersionDate "2019.10.17"]
[SourceQuality "1"]
[WhiteTeam "Sand"]
[BlackTeam "Schweinfurt Fr"]
[WhiteTeamCountry "GER"]
[BlackTeamCountry "GER"]

1. e4 c5 2. Nc3 d6 3. f4 Nc6 4. Nf3 g6 5. Bb5 a6 6. Bxc6+ bxc6 7. 0-0 Bg7 8. d3 Rb8 9. Qe1 e6 10. Nd1 Ne7 11. Rb1 0-0 12. Ne3 Qc7 13. b3 h6 14. Bd2 Bd7 15. Qh4 f6 16. Kh1 Qd8 17. Nc4 Be8 18. Ba5 Qd7 19. Rbe1 g5 20. Qg4 h5 21. Qg3 g4 22. Nh4 f5 23. Nb6 Qa7 24. Nc4 Nc8 25. exf5 exf5 26. Nxf5 Rxf5 27. Rxe8+ Kh7 28. Qe3 Qd7 29. Rd8 Qb7 30. Rxc8 1-0

[Event "Regionalliga NW 9899"]
[Site "Bayern"]
[Date "1998.??.??"]
[Round "1.7"]
[White "Herrmann, Karl Heinz"]
[Black "Neubauer, Jaroslaus"]
[Result "0-1"]
[WhiteElo "1890"]
[BlackElo "2000"]
[PlyCount "52"]
[EventDate "1998.??.??"]
[EventType "team-tourn"]
[EventRounds "9"]
[EventCountry "GER"]
[SourceTitle "EXT 2020"]
[Source "ChessBase"]
[SourceDate "2019.10.17"]
[SourceVersion "1"]
[SourceVersionDate "2019.10.17"]
[SourceQuality "1"]
[WhiteTeam "Sand"]
[BlackTeam "Schweinfurt Fr"]
[WhiteTeamCountry "GER"]
[BlackTeamCountry "GER"]

1. e4 e5 2. Bc4 Nf6 3. d3 Bc5 4. Nc3 Nc6 5. Nge2 d6 6. Na4 Bb6 7. Nxb6 axb6 8. Bg5 h6 9. Bh4 Qe7 10. Qd2 Na5 11. Qc3 Nxc4 12. Qxc4 Be6 13. Qb5+ Kf8 14. f4 exf4 15. Nxf4 g5 16. 0-0 gxf4 17. Rxf4 Qd7 18. Qb4 Ng4 19. h3 Ne5 20. Rf6 Rg8 21. Qd2 Bxh3 22. Qxh6+ Ke8 23. Qh7 Qg4 24. Re6+ Kd7 25. Re7+ Kc6 26. g3 Qe2 0-1

[Event "Regionalliga NW 9697"]
[Site "Bayern"]
[Date "1997.??.??"]
[Round "?"]
[White "Schilling, Frank"]
[Black "Herrmann, Karl Heinz"]
[Result "1/2-1/2"]
[WhiteElo "1865"]
[BlackElo "1885"]
[PlyCount "46"]
[EventDate "1996.10.??"]
[EventType "team-tourn"]
[EventRounds "9"]
[EventCountry "GER"]
[SourceTitle "EXT 1999"]
[Source "ChessBase"]
[SourceDate "1998.11.16"]
[SourceVersion "1"]
[SourceVersionDate "1998.11.16"]
[SourceQuality "1"]
[WhiteTeam "Burgsinn"]
[BlackTeam "Sand"]
[WhiteTeamCountry "GER"]
[BlackTeamCountry "GER"]

1. e4 e6 2. d4 d5 3. Nc3 dxe4 4. Nxe4 Bd7 5. Nf3 Bc6 6. Bd3 Nf6 7. Qe2 Nxe4 8. Bxe4 Bxe4 9. Qxe4 c6 10. 0-0 Be7 11. b3 Nd7 12. Bb2 Nf6 13. Qe2 0-0 14. c4 Qa5 15. Qc2 Qh5 16. Rfe1 Bd6 17. h3 Rac8 18. Rad1 Rfd8 19. Qe2 Bb4 20. Rf1 Bd6 21. Rfe1 Bb4 22. Rf1 Bd6 23. Rfe1 Bb4 1/2-1/2

[Event "Regionalliga NW 9798"]
[Site "Bayern"]
[Date "1997.??.??"]
[Round "?.8"]
[White "Wittstock, Bjoern"]
[Black "Herrmann, Karl Heinz"]
[Result "1/2-1/2"]
[WhiteElo "1670"]
[BlackElo "1865"]
[PlyCount "155"]
[EventDate "1997.10.??"]
[EventType "team-tourn"]
[EventRounds "9"]
[EventCountry "GER"]
[SourceTitle "EXT 2020"]
[Source "ChessBase"]
[SourceDate "2019.10.17"]
[SourceVersion "1"]
[SourceVersionDate "2019.10.17"]
[SourceQuality "1"]
[WhiteTeam "Sailauf"]
[BlackTeam "Sand"]
[WhiteTeamCountry "GER"]
[BlackTeamCountry "GER"]

1. Nf3 e6 2. g3 d5 3. Bg2 Nf6 4. d3 Be7 5. 0-0 0-0 6. Nbd2 b6 7. e4 dxe4 8. Nxe4 Bb7 9. Nc3 Nbd7 10. Qe2 Nd5 11. Nxd5 Bxd5 12. Bf4 Rc8 13. Ne5 Bxg2 14. Kxg2 Nxe5 15. Bxe5 Bf6 16. Rfe1 c5 17. Bxf6 Qxf6 18. Qe5 Qxe5 19. Rxe5 Rfd8 20. Re2 c4 21. Rd1 cxd3 22. Red2 Kf8 23. c3 Ke7 24. Rxd3 Rxd3 25. Rxd3 e5 26. f3 Ke6 27. Kf2 f5 28. Ke3 Rc5 29. Rd1 Ra5 30. a3 Rd5 31. Rc1 Kd6 32. g4 g6 33. gxf5 gxf5 34. Rg1 Ke6 35. Rc1 Rd7 36. c4 Rc7 37. b4 a5 38. b5 Kd6 39. f4 e4 40. Kd4 Re7 41. c5+ bxc5+ 42. Rxc5 e3 43. Rc6+ Kd7 44. Rc1 e2 45. Re1 Kd6 46. Kd3 Re4 47. Rxe2 Rxf4 48. Rc2 Rf3+ 49. Kd4 Rxa3 50. Rc6+ Kd7 51. Rh6 Rb3 52. Rxh7+ Kd6 53. Rh6+ Kc7 54. Rh5 Rxb5 55. Kc4 Rb4+ 56. Kc3 Rf4 57. h4 Kd6 58. Rh6+ Ke5 59. Ra6 a4 60. h5 Rh4 61. Kd2 Rh2+ 62. Ke1 Rxh5 63. Rxa4 Rh2 64. Kf1 f4 65. Rb4 Kf5 66. Ra4 Kg4 67. Ra3 Rb2 68. Rc3 Rb1+ 69. Kf2 Rh1 70. Ra3 Rh2+ 71. Kf1 Rh3 72. Rxh3 Kxh3 73. Kf2 Kg4 74. Kg2 Kf5 75. Kf3 Ke5 76. Kf2 Ke4 77. Ke2 f3+ 78. Kf2 1/2-1/2

[Event "Regionalliga NW 9697"]
[Site "Bayern"]
[Date "1996.??.??"]
[Round "?"]
[White "Christ, Rene"]
[Black "Herrmann, Karl Heinz"]
[Result "1/2-1/2"]
[WhiteElo "1855"]
[BlackElo "1885"]
[PlyCount "48"]
[EventDate "1996.10.??"]
[EventType "team-tourn"]
[EventRounds "9"]
[EventCountry "GER"]
[SourceTitle "EXT 1999"]
[Source "ChessBase"]
[SourceDate "1998.11.16"]
[SourceVersion "1"]
[SourceVersionDate "1998.11.16"]
[SourceQuality "1"]
[WhiteTeam "Sailauf"]
[BlackTeam "Sand"]
[WhiteTeamCountry "GER"]
[BlackTeamCountry "GER"]

1. d4 e6 2. Nf3 d5 3. c4 Nf6 4. Bg5 Be7 5. Nc3 h6 6. Bxf6 Bxf6 7. e3 0-0 8. Rc1 b6 9. cxd5 exd5 10. Bd3 Be6 11. 0-0 Nd7 12. Qb3 c5 13. Nxd5 cxd4 14. exd4 Bxd5 15. Qxd5 Ne5 16. Qe4 Nxf3+ 17. Qxf3 Qxd4 18. b3 Rad8 19. Rfd1 Qe5 20. Re1 Qd4 21. Rcd1 Qc3 22. Re3 Qb2 23. Re2 Qc3 24. Rc2 Qe5 1/2-1/2

[Event "Regionalliga NW 9596"]
[Site "Bayern"]
[Date "1996.??.??"]
[Round "?"]
[White "Herrmann, Karl Heinz"]
[Black "Bebersdorf, Claus"]
[Result "1/2-1/2"]
[WhiteElo "1860"]
[BlackElo "2015"]
[PlyCount "35"]
[EventDate "1995.10.??"]
[EventType "team-tourn"]
[EventRounds "9"]
[EventCountry "GER"]
[SourceTitle "EXT 1999"]
[Source "ChessBase"]
[SourceDate "1998.11.16"]
[SourceVersion "1"]
[SourceVersionDate "1998.11.16"]
[SourceQuality "1"]
[WhiteTeam "Sand"]
[BlackTeam "Schweinfurt Fr"]
[WhiteTeamCountry "GER"]
[BlackTeamCountry "GER"]

1. e4 c5 2. Nc3 Nc6 3. f4 d6 4. Nf3 g6 5. Bb5 Bd7 6. 0-0 Bg7 7. d3 Nd4 8. Bxd7+ Qxd7 9. Nd5 e6 10. Ne3 Ne7 11. Qe1 0-0 12. c3 Nxf3+ 13. Rxf3 f5 14. Qh4 Bf6 15. Qh6 Bg7 16. Qh4 Bf6 17. Qh6 Bg7 18. Qh4 1/2-1/2

[Event "Regionalliga NW 9495"]
[Site "Bayern"]
[Date "1995.??.??"]
[Round "?.8"]
[White "Herrmann, Karl Heinz"]
[Black "Elzinger, Wilfried"]
[Result "0-1"]
[WhiteElo "1860"]
[BlackElo "1980"]
[PlyCount "68"]
[EventDate "1994.10.??"]
[EventType "team-tourn"]
[EventRounds "9"]
[EventCountry "GER"]
[SourceTitle "EXT 1999"]
[Source "ChessBase"]
[SourceDate "1998.11.16"]
[SourceVersion "1"]
[SourceVersionDate "1998.11.16"]
[SourceQuality "1"]
[WhiteTeam "Sand"]
[BlackTeam "Coburg"]
[WhiteTeamCountry "GER"]
[BlackTeamCountry "GER"]

1. e4 e6 2. d4 b6 3. Bd3 Bb7 4. Nf3 c5 5. c3 Nf6 6. Bg5 h6 7. Bxf6 Qxf6 8. Nbd2 cxd4 9. cxd4 Bb4 10. 0-0 g5 11. Nb3 Nc6 12. a3 Be7 13. d5 Ne5 14. Nxe5 Qxe5 15. dxe6 dxe6 16. Qe2 Bd6 17. g3 Rg8 18. Rae1 Ke7 19. Rc1 h5 20. Nd2 Qxb2 21. Rc2 Qd4 22. Nc4 Bc5 23. Ne3 h4 24. Ng4 hxg3 25. hxg3 Rh8 26. Nh2 Rh3 27. Qg4 Qxd3 28. Rxc5 bxc5 29. Qxh3 Qxe4 30. f3 Qe3+ 31. Kg2 Qxa3 32. Qg4 Qb2+ 33. Rf2 Qe5 34. Nf1 Rd8 0-1

[Event "Regionalliga NW 9596"]
[Site "Bayern"]
[Date "1995.??.??"]
[Round "?"]
[White "Herrmann, Karl Heinz"]
[Black "Vogt, Thomas1111"]
[Result "1-0"]
[WhiteElo "1860"]
[BlackElo "1965"]
[PlyCount "112"]
[EventDate "1995.10.??"]
[EventType "team-tourn"]
[EventRounds "9"]
[EventCountry "GER"]
[SourceTitle "EXT 1999"]
[Source "ChessBase"]
[SourceDate "1998.11.16"]
[SourceVersion "1"]
[SourceVersionDate "1998.11.16"]
[SourceQuality "1"]
[WhiteTeam "Sand"]
[BlackTeam "Wuerzburg II"]
[WhiteTeamCountry "GER"]
[BlackTeamCountry "GER"]

1. e4 e5 2. Bc4 Nf6 3. d3 Bc5 4. Nc3 Nc6 5. Bg5 h6 6. Be3 Bb6 7. Bxb6 axb6 8. Nge2 d6 9. 0-0 0-0 10. f4 Na5 11. Bb3 Ng4 12. Rf3 c6 13. h3 Nf6 14. Ng3 b5 15. Nce2 c5 16. c3 c4 17. dxc4 bxc4 18. Ba4 b5 19. Bc2 Nc6 20. a3 Be6 21. Rf2 Qb6 22. Qf1 d5 23. fxe5 Nxe5 24. Nd4 Nxe4 25. Nxe4 dxe4 26. Bxe4 Rad8 27. Kh1 Bd5 28. Bc2 Qb7 29. Re1 Rde8 30. Nf5 Nd3 31. Bxd3 Rxe1 32. Qxe1 cxd3 33. Ne7+ Kh7 34. Nxd5 Qxd5 35. Rd2 Rd8 36. Qe3 Rd6 37. Kg1 f6 38. Kh1 f5 39. Kg1 Rd7 40. Kf2 f4 41. Qf3 Qc5+ 42. Kf1 Qc4 43. Qg4 Qd5 44. Kf2 Re7 45. Qf3 Qc5+ 46. Kf1 Re3 47. Qxf4 Qe7 48. Qf5+ Kg8 49. Rxd3 Re1+ 50. Kf2 Rc1 51. Re3 Qd8 52. Qe6+ Kh7 53. Qe4+ Kg8 54. Qe8+ Qxe8 55. Rxe8+ Kf7 56. Re2 Kf6 1-0

[Event "Regionalliga NW 9495"]
[Site "Bayern"]
[Date "1995.??.??"]
[Round "?.8"]
[White "Ruetzel, Wolfgang"]
[Black "Herrmann, Karl Heinz"]
[Result "1-0"]
[WhiteElo "2025"]
[BlackElo "1860"]
[PlyCount "87"]
[EventDate "1994.10.??"]
[EventType "team-tourn"]
[EventRounds "9"]
[EventCountry "GER"]
[SourceTitle "EXT 1999"]
[Source "ChessBase"]
[SourceDate "1998.11.16"]
[SourceVersion "1"]
[SourceVersionDate "1998.11.16"]
[SourceQuality "1"]
[WhiteTeam "Burgsinn"]
[BlackTeam "Sand"]
[WhiteTeamCountry "GER"]
[BlackTeamCountry "GER"]

1. g3 e6 2. Bg2 d5 3. Nf3 Nf6 4. d3 b6 5. 0-0 Bd6 6. Nbd2 Bb7 7. Re1 Nbd7 8. e4 dxe4 9. Ng5 e3 10. Bxb7 exd2 11. Bxd2 Rb8 12. Bg2 0-0 13. d4 c5 14. Nf3 Rc8 15. Rc1 cxd4 16. Nxd4 Nb8 17. Nb5 Qd7 18. Qe2 a6 19. Nxd6 Qxd6 20. a3 a5 21. b4 Rfd8 22. Red1 Qc7 23. c4 Nc6 24. Bc3 axb4 25. axb4 Qe7 26. Qb2 Ne8 27. Rxd8 Qxd8 28. c5 bxc5 29. bxc5 f6 30. Qb6 Qc7 31. Bh3 Kf7 32. Re1 f5 33. Qb3 Nd8 34. Bxf5 Qe7 35. Bd4 Nc7 36. Bxh7 Nc6 37. Qf3+ Ke8 38. Qxc6+ Kf7 39. Qf3+ Ke8 40. Bg6+ Kd7 41. c6+ Kd8 42. Bb6 Qf6 43. Rd1+ Ke7 44. Rd7+ 1-0